| 000 | 02449nmm a2200277 a 4500 | ||
|---|---|---|---|
| 003 | CO-CtgCURN | ||
| 005 | 20250721165235.0 | ||
| 007 | co cga0uauuu | ||
| 008 | 201114s2020 xx f 000 0 und d | ||
| 040 |
_aCO-CtgCURN _bspa _ccoctgcurn |
||
| 082 |
_aTSO 2020 _bU92a |
||
| 100 |
_aUtria García, Yaileth María _eautora _95234 |
||
| 245 | 0 |
_aAportes del trabajo social y del entorno socio familiar en la calidad de vida de los adultos mayores desde una mirada del modelo humanístico existencial _h[electronic resource] / _cYaileth María Utria García; asesora., Everly Castellar |
|
| 260 |
_aBarranquilla, Atlántico : _bCorporación Universitaria Rafael Nuñez, _c2020 |
||
| 300 |
_a1 recurso en línea (82 páginas (PDF)) : _btablas, imágenes |
||
| 502 | _aTrabajo de Grado (Trabajador Social). Corporación Universitaria Rafael Núñez. Facultad de Ciencias Sociales y Humanas. Programa de Trabajo Social, 2020 | ||
| 504 | _aIncluye referencias bibliográficas | ||
| 520 | _aLos adultos mayores constantemente están sufriendo de diferentes consecuencias generadas por la edad como si el envejecer fuera un delito. Abuso, abandono, maltrato intrafamiliar, dependencia económica, exclusión laboral etc., esto desde el entorno socio familiar ya que en lo personal sufren de baja autoestima, depresión, afectaciones en la salud y en la capacidad física. El modelo humanista existencialista expone que estos factores afectan el sentido de la vida de los adultos mayores cuestionando su rol y su existencia en la vida. El objetivo de este proyecto de grado es a través de la investigación y revisión documental desde un enfoque cualitativo conocer el entorno socio familiar del adulto mayor cuales son los beneficios y los perjuicios a los cuales se enfrenta día a día el adulto mayor en este ámbito, también las leyes los programas y los beneficios que los acobijan para que su última etapa sea agradable y su calidad de vida no se vea afectada. | ||
| 521 | _aAREA PROFESIONAL | ||
| 590 | _aPrograma de Trabajo Social_26 | ||
| 650 |
_a Trabajo Social _vTesis y disertaciones académicas _95235 |
||
| 700 |
_aCastellar, Everly _easesora _95236 |
||
| 856 |
_uhttps://unicurn.sharepoint.com/:b:/s/biblioteca/EWVKUB4bCjxGvm8wCpC1pgsBMk8Ck6QbBX2VvxNOo6guqQ?e=CHgdgq _yConsulte aquí el texto completo |
||
| 942 |
_cTG _hTSO 2020 _iU92a _2ddc _n0 |
||
| 999 |
_c529 _d529 |
||